000 01039nam a22003375b 4500
001 446
003 DO-SdBPM
005 20250611095547.0
007 ta
008 950710s2000 sp a | | ||spa
017 _a
_b
020 _a842413186X
040 _aDO-SdBPM
_bspa
_cBPMSU
_erda
082 4 _a863.6
_bM752d 2000
_222
100 1 _a Monreal, Violeta.
_eautor
_d
245 1 0 _aDe qué tienes miedo? /
_cVioleta Monreal.
_h
250 _a 3a. ed.
264 _aLeón, España :
_bEditorial Everest,
_c2000
300 _a35 páginas . :
_bil.ustraciones ;
_c21 cm
336 _atexto
_btxt
_2rdacontent
337 _asin mediación
_bn
_2rdamedia
338 _avolumen
_bnc
_2rdacarrier
490 0 _aMontaña encantada;
_aPrimeros lectores,
_v
590 _aInventariado, 2025/VM
600 _2
650 7 _aCuentos infantiles españoles
650 7 _aMiedo
_vCuentos infantiles
700 1 _aPrestifilippo, Pablo Rafael,
_eilustrador
910 _aVMateo V. Control de calidad. BPMSU
942 _2ddc
_cBK
999 _c15153
_d15153